Rappeurs jeunes #1 Facile - Statistiques

Statistiques générales
  • Ce quiz a été pris 457 fois
  • Le résultat moyen est 10 sur 16
Statistiques - réponses
Par images Réponse % Correct
Vald
89%
Kaaris
83%
Ninho
82%
La Fouine
80%
Jul
74%
Booba
73%
Damso
64%
Gims
64%
Tiakola
64%
Dadju
62%
PLK
62%
Guizmo
57%
Ademo
44%
Gazo
44%
NOS
41%
Oboy
24%
Aucun quiz correspondant
Distribution des résultats
% des personnes avec chaque résultat
Percentile par nombre de réponses
Votre historique - résultats
Vous n’avez pas pris ce quiz